00981nam a2200253 a 450000100060000000300080000600500170001400800410003103500190007204000270009104100080011808200210012610000410014724500420018826000330023030000360026350400500029965000360034965000270038594200120041299900170042495201380044195201480057934128BD-RjUL20211209052118.0140514t1950 enk 001 0 eng d a(BD-RjUL)34222 aYNGdOCLbengcBD-RjUL aeng04a301.34bHIC 19501 aHillman, Arthur,d1909-1985.910374010aCommunity organization and planning / aNew York :bMacmillan,c1950 axviii, 378 p. :bill. ;c24 cm. aIncludes bibliographical reference and index. 0aCommunity organization.9103741 0aCity planning.9103742 2ddccBK c34128d34128 00102ddc40718NFICaRUCLbRUCLcReadingd1964-12-01eAsia Foundationl0o301.34 HIC 1950r2014-05-14 00:00:00tC-1w2021-12-09yBK 00102ddc40708NFICaRUCLbRUCLcStackd1965-05-20eAsia Foundationl1o301.34 HIC 1951r2020-02-27 00:00:00s2020-02-02tC-3w2021-12-09yBK